Los grupos de presión

Furkejuvvon:
Bibliográfalaš dieđut
Váldodahkki: Meynaud, Jean (autor)
Materiálatiipa: Girji
Giella:espánnjágiella
Almmustuhtton: Buenos Aires EUDEBA 1972
Preanttus:5a. ed
Ráidu:Biblioteca Cultural. Colección Cuadernos, 76
Fáttát:
Fáddágilkorat: Lasit fáddágilkoriid
Eai fáddágilkorat, Lasit vuosttaš fáddágilkora!

MARC

LEADER 00000nam a2200000 a 4500
001 UCR6489
003 CL-VaPUC
008 980423e19720000AG |||||||||||||||||spa|d
082 0 4 |a 324.4  |b MEY  |2 21 
100 |a Meynaud, Jean  |e autor  |9 547733 
245 1 4 |a Los grupos de presión 
250 |a 5a. ed 
300 |a 153 p 
942 |c BK 
945 |d 19980423 00:00:00  |a lriquelm 
260 |a Buenos Aires  |b EUDEBA  |c 1972 
650 7 |a GRUPOS DE PRESION  |2 CL-VaPUC  |9 255505 
650 7 |a RELACIONES ENTRE GRUPOS  |2 CL-VaPUC  |9 337590 
650 0 |a Información pública   |9 257272 
650 7 |a MOVIMIENTOS DE PROTESTA  |2 CL-VaPUC  |9 338139 
650 7 |a PERSUASION  |2 CL-VaPUC  |9 333321 
650 0 |a Poder político  |9 255509 
650 0 |a Ciencias Políticas  |9 255201 
583 |a last modification  |c 19980423 00:00:00  |k Rodrigo Vera 
490 0 |a Biblioteca Cultural. Colección Cuadernos, 76 
999 |c 268573  |d 268571 
952 |0 0  |1 0  |4 0  |6 324_400000000000000_MEY_1972  |7 0  |8 A  |9 301776  |a BIBENE  |b BIBENE  |d 2019-11-20  |i 1984071  |o 324.4 MEY 1972  |p 1984071  |r 2025-01-15  |w 2019-11-20  |y BK  |k ICO 
952 |0 0  |1 0  |4 0  |6 324_400000000000000_MEY_1972  |7 0  |8 A  |9 301777  |a BIBHIS  |b BIBHIS  |d 2019-11-20  |i 1209175  |o 324.4 MEY 1972  |p 1209175  |r 2025-01-20  |w 2019-11-20  |y BK  |k HIS